00514nam a2200169Ia 4500008004100000082001500041100002700056245004700083250000800130260002900138300001300167500002400180650001400204942000700218952010200225999001700327230524s9999 xx 000 0 und d a620.1bPAL aM.S.Palanichamy920718 0aEngineering Mechanics Statics and Dynamics a2ND aNEW DELHIbPearsonc2002 axvi;7881 aQuantity Number: 1 aMechanics cBK 00104070aTATCLbTATCLcGENd2023-05-24l0o620.1 PALp8736r2023-05-24w2023-05-24yBKzBE2104 c30847d30847